| 000 | 00379nam a22001337u 4500 | ||
|---|---|---|---|
| 008 | 130405s1922 xxu||||| |||| 00| 0 fre d | ||
| 041 | _afre | ||
| 100 | 1 |
_aChevalier, Ph. _919143 |
|
| 245 | 0 | 0 |
_aLe Cantique spirituel de S. Jean de la Croix a-t-il été interpolé? _cPh. Chevalier |
| 260 |
_aBordeaux, _c1922 |
||
| 490 | 0 |
_aBulletin hispanique _v24 |
|
| 942 | _cBK | ||
| 001 | 9659 A | ||
| 999 |
_c237574 _d237574 |
||